| 000 | 00374nam a22001337a 4500 | ||
|---|---|---|---|
| 082 |
_a954.91 _bMUM |
||
| 100 |
_aBrig (R) Mumtaz Hussain _946366 |
||
| 245 |
_aLet us have mercy on Pakistan _cBrig (R) Mumtaz Hussain |
||
| 260 |
_aRawalpindi, _c2008. |
||
| 300 |
_a355p.: _bill.; _c25 cm. |
||
| 526 |
_a0 _b0 _c0 _d954_910000000000000_MUM |
||
| 650 |
_aMCE _9379 |
||
| 942 |
_2ddc _cBK |
||
| 999 |
_c549716 _d549716 |
||